000 00547nam a2200193Ia 4500
005 20250923145337.0
008 008 250917s9999 xx 000 0 eng d
037 _aTextual
040 _aDSWL
_beng
_cDSWL
041 _aeng
_2eng
084 _aY15-5, N75
_qDSWL
245 0 _aBeing female reproductionl power and change
_cEd. by Dana Raphael
260 _bHague Mouton Pubs.
_c1975
300 _axiii,293p.
365 _aINR
_b121 . 50
925 _g121 . 50
942 _cTEXL
_hY15-5, N75
999 _c1450240
_d1450240